Central Library OPAC University of Rajshahi

A grass rope / (Record no. 83327)

MARC details
000 -LEADER
fixed length control field 00622nam a2200217 a 4500
001 - CONTROL NUMBER
control field 83327
003 - CONTROL NUMBER IDENTIFIER
rucl marc code BD-RjUL
005 - DATE AND TIME OF LATEST TRANSACTION
control field 20240312143655.0
008 - FIXED-LENGTH DATA ELEMENTS--GENERAL INFORMATION
fixed length control field 240312r19681957enk||||| |||| 00| 0 eng d
035 ## - SYSTEM CONTROL NUMBER
System control number (BD-RjUL)83327
040 ## - CATALOGING SOURCE
Original cataloging agency BD-RjUL
Language of cataloging eng
Transcribing agency BD-RjUL
041 ## - LANGUAGE CODE
Language code of text/sound track or separate title eng
082 ## - DEWEY DECIMAL CLASSIFICATION NUMBER
Edition number 23
Classification number 823.9
Author mark and year MAG 1968
100 ## - MAIN ENTRY--PERSONAL NAME
Personal name Mayne, William
9 (RLIN) 12248
245 ## - TITLE STATEMENT
Title A grass rope /
Statement of responsibility, etc. William Mayne; Illustrated by Lynton Lamb .
260 ## - PUBLICATION, DISTRIBUTION, ETC. (IMPRINT)
Place of publication, distribution, etc. London :
Name of publisher, distributor, etc. Oxford University Press,
Date of publication, distribution, etc. 1957, [reprinted 1968]
300 ## - PHYSICAL DESCRIPTION
Pagination 166 p.:
Illustrations ill.;
Size 22 cm.
650 ## - SUBJECT ADDED ENTRY--TOPICAL TERM
Topical term or geographic name as entry element English Fiction
700 ## - ADDED ENTRY--PERSONAL NAME
Personal name Lamb, Lynton
942 ## - ADDED ENTRY ELEMENTS (KOHA)
Source of classification or shelving scheme Dewey Decimal Classification
Koha item type Books
Holdings
Lost status Source of classification or shelving scheme Damaged status Not for loan Collection code Permanent Location Current Location Shelving location Date acquired Source of acquisition Cost, normal purchase price Total Checkouts Full call number Date last seen Copy number Koha item type
  Dewey Decimal Classification   Not For Loan Fiction Central Library, University of Rajshahi Central Library, University of Rajshahi Reading Room 02/01/1970 Zeitlinger 0.15   823.9 MAG 1968 12/03/2024 C-1 Books